00453nam a2200145Ia 4500082003000000100001800030245005600048250001200104260004600116300002800162526003700190526003700227650003500264650000800299 a621.4021bLEWcL-25, P-26 aLewitt- E. H. aThermodynamics applied to heat enginesbE.h. lewitt a7th ed. aLondonbSir Isaac Pitman and Sonscc1977. axiv, 828p bill.c24 cm a0b0c0d621_402100000000000_LEW a0b0c0d621_402100000000000_LEW aHeat-engines -- Thermodynamics aMCE